000 00680nam a22001937a 4500
999 _c190892
_d190892
005 20220810105735.0
010 _aUR-11665
020 _a9789393785763
_c300.00
035 _aU-10220
037 _bDBAD/PUB
_a-
082 _a841
100 _aاشفا ق احمد
245 _aافغان اللہ خان کی علمی و ادبی جہتیں /
_cاشفا ق احمد
_hا ر د و
246 _aAfghanullah Khan Ki Ilmi Wa Adabi Jehtein /
_bby Ashfaq Ahmed
260 _aNew Delhi
_bEducational Publishing House
_c2022 ء
270 _aH.O.D1/16, Ansari Road, Darya Ganj
_bNew Delhi
_e110002
300 _a221 ص
_c23cm(Hb)
942 _2ddc
_cUR
_h841
_mا ش ف